000 01229nam2a2200241 4500
001 rc\2653378
005 20260327140802.0
035 _a(NLR Aleph) 006960727
090 _a13563796
_c13563796
100 _a20110613d1932 u y0rusy50 ca
101 0 _arus
102 _aRU
105 _aea z |||||
200 1 _aИзломы, ремонт и обслуживание стационарных двигателей
210 _d1932
215 _aПереплет, 436 с., включ. тит. л.
_cил.
461 0 _1001rc\2653377
_12001#$aЭксплоатация двигателей внутреннего сгорания$fБ.В. Кузнецов$vЧ. 1
_1700#1$aКузнецов$bБ. В.$cинженер-технолог, двигатели$f1906-$gБорис Владимирович$3RU\NLR\AUTH\770291622
_95341369
_aКузнецов, Б. В. (инженер-технолог, двигатели ; 1906-)
_cМосква
_d1932
_e3-е изд.
_fБ.В. Кузнецов
_nНКТП-СССР
_tЭксплоатация двигателей внутреннего сгорания
_vЧ. 1
801 0 _aRU
_bNLR
_gpsbo
801 1 _aRU
_bELAR
_2rusmarc
852 _aNLR
_j32-18/367(1)
942 _cBOOK
980 _aNB